Former Flags of Europe - Statistics

General Stats
  • This quiz has been taken 52 times
  • The average score is 17 of 40
Answer Stats
Picture Answer % Correct
Soviet Union
100%
Yugoslavia
95%
East Germany
93%
Austria-Hungary
86%
Czechoslovakia
86%
State of Croatia
74%
German Empire
70%
Prussia
70%
Ottoman Empire
65%
West Germany
65%
Vichy France
63%
Russian Empire
60%
Austrian Empire
56%
Free City of Danzig
51%
Kingdom of Italy
51%
Spanish Republic
51%
Free France
49%
Kingdom of Greece
49%
Belarus
47%
Spanish State
47%
Kingdom of Montenegro
44%
Kingdom of Bavaria
35%
Grand Duchy of Baden
28%
Cretan State
26%
Kingdom of Saxony
26%
Italian Social Republic
21%
Kingdom of Hanover
21%
Saar Protectorate
21%
Slovak Republic
21%
Wurttemberg
21%
Kuban
19%
Bohemia and Moravia
16%
Don
16%
Mountain Republic
14%
Free State of Fiume
12%
Free City of Cracow
9%
West Ukraine
9%
Duchy of Anhalt
7%
Herzeg-Bosnia
7%
Lemko Republic
5%
No matching quizzes found
Score Distribution
Percent of People with Each Score
Percentile by Number Answered
Your Score History
You have not taken this quiz